| 000 | 00710nam a2200229 a 4500 | ||
|---|---|---|---|
| 005 | 20220615063454.0 | ||
| 008 | 010716s1999 mx r 000 0 spa d | ||
| 020 | _a9701827104 (CNCA, tapa dura) 9706512780 (Oceano, tapa dura) | ||
| 035 | _aUPN01000109725 | ||
| 049 | _aCG | ||
| 050 | 4 |
_aPA25 B5.2 _bM6.4 |
|
| 100 | 1 |
_aMontaigne, Michel de, _d1533-1592 |
|
| 245 | 1 | 0 |
_aEnsayos / _cMontaigne ; estudio prel. Ezequiel Martínez Estrada. |
| 260 |
_aMéxico : _bCNCA : _bOcéano, _cc1999 |
||
| 300 | _aciii, 407 p. | ||
| 440 | 0 | _aBiblioteca universal. | |
| 650 | 0 |
_aLiteratura francesa _95152 |
|
| 700 | 1 |
_aMartínez Estrada, Ezequiel, _eprol. |
|
| 901 | _a175852/175853 | ||
| 902 | _aBDV/ | ||
| 905 | _aLibro | ||
| 999 |
_c83635 _d83635 |
||